Početnice pro měšťanské školy dívčí. Díl 2 /

Hlavní autor: Buzek, Kamil, 1874-1950
Další autoři: Krůta, Josef, 1874-1950
Jazyk: Čeština
Vydáno: V Praze : K. Buzek, 1926
Vydání: 4. vyd.
Fyzický popis: 82 s.
Knihy
Uloženo v:
LEADER 00655nam a2200193 a 4500
001 000559482
003 CZ BrMZK
005 20010205143423.0
008 000105s1926 xr f cze d
040 |a BOA001  |b cze 
100 1 |a Buzek, Kamil,  |d 1874-1950  |7 jk01020467 
245 1 0 |a Početnice pro měšťanské školy dívčí.  |n Díl 2 /  |c naps. Kamil Buz ek a Josef Krůta 
250 |a 4. vyd. 
260 |a V Praze :  |b K. Buzek,  |c 1926 
300 |a 82 s. 
700 1 |a Krůta, Josef,  |d 1874-1950  |7 jk01063595 
910 |a BOA001  |b PK-II-0010.072,2 
990 |a BK 
996 6 |b 559482-10  |c PK-II-0010.072,2  |l MZK  |r Sklad / do 1 hodiny  |n 0  |w 000559482  |u 000010  |a 1  |e BOA001  |j MZK50  |s P